Guía del buen decir (Record no. 143112)

MARC details
000 -LEADER
campo de control de longitud fija 00533nam a2200169 4500
001 - NÚMERO DE CONTROL
campo de control 143112
003 - IDENTIFICADOR DE NÚMERO DE CONTROL
campo de control ES-MaACL
005 - FECHA Y HORA DE LA ÚLTIMA TRANSACCIÓN
campo de control 20230906200728.0
007 - CAMPO FIJO DE DESCRIPCIÓN FÍSICA--INFORMACIÓN GENERAL
campo de control de longitud fija t|
008 - DATOS DE LONGITUD FIJA--INFORMACIÓN GENERAL
campo de control de longitud fija 070214s1915 sp r ||||1| spa d
100 1# - ENTRADA PRINCIPAL--NOMBRE DE PERSONA
Nombre de persona Selva, Juan B.
9 (RLIN) 105350
245 10 - MENCIÓN DEL TÍTULO
Título Guía del buen decir
Resto del título : estudio de las transgresiones gramaticales más comunes /
Mención de responsabilidad, etc. por Juan B. Selva.
260 ## - PUBLICACIÓN, DISTRIBUCIÓN, ETC.
Lugar de publicación, distribución, etc. Madrid :
Nombre del editor, distribuidor, etc. [s. n.,
Fecha de publicación, distribución, etc. 1915] (
Fabricante Imp. de V. Tordesillas)
300 ## - DESCRIPCIÓN FÍSICA
Extensión XIV, 370 p. ;
Dimensiones 25 x 17 cm.
852 ## - LOCALIZACIÓN
Ubicación ES-MaACL
Número de control de estantería A-4573
852 ## - LOCALIZACIÓN
Ubicación ES-MaACL
Número de control de estantería F-9898
Holdings
Estatus retirado Estado de pérdida Estado de daño No para préstamo Biblioteca de origen Biblioteca actual Ubicación en estantería Fecha de adquisición Fuente de adquisición Total de préstamos Signatura topográfica completa Código de barras Visto por última vez Precio de reemplazo Tipo de ítem Koha
        Biblioteca del Ateneo de Madrid Biblioteca del Ateneo de Madrid Sala Pecera Planta 2 17/01/2008     F-9898 1148900 23/02/2023 23/02/2023 Libro impreso
        Biblioteca del Ateneo de Madrid Biblioteca del Ateneo de Madrid Sala Pecera Planta 1 17/01/2008     A-4573 1148899 23/02/2023 23/02/2023 Libro impreso